Paper Mill in Duszniki-Zdrój
| Titel: | Paper Mill in Duszniki-Zdrój / Rafał Eysymontt, Rainer Sachs, Maciej Szymczyk ; [translation Hanna Marciniak] |
|---|---|
| Verfasser: | |
| Beteiligt: | ; ; ; |
| Körperschaft: | |
| Veröffentlicht: |
Duszniki-Zdrój : Papermaking Museum, 2018 Velké Losiny : Museum of Paper, 2018 |
| Umfang: | 51, [2], 51 stron : ilustracje, faksymilia, fotografie, mapy ; 24 cm |
| Format: | Buch |
| Sprache: | Englisch |
| Einheitssachtitel: | Papiermühle in Velké Losiny |
| ISBN: | 9788360990414 ; 8360990417 ; 9788360990421 ; 8360990425 |
| Hinweise zum Inhalt: |
Inhaltsverzeichnis
|
alg: 53286165 001A $03025:27-08-25 001B $03025:27-08-25 $t10:16:07.000 001D $03025:27-08-25 001U $0utf8 001X $00 002@ $0Aax 002C $aText $btxt $2rdacontent 002D $aohne Hilfsmittel zu benutzen $bn $2rdamedia 002E $aBand $bnc $2rdacarrier 003@ $0532861655 004A $A978-83-60990-41-4 004A $083-60990-41-7 004A $A978-83-60990-42-1 004A $083-60990-42-5 007A $01668996294 $aKXP 009P $qapplication/pdf $3Inhaltsverzeichnis $uhttps://d-nb.info/1181960185/04 $mB:DE-101 010@ $aeng $cpol 011@ $a2018 $n2018 021A $aPaper Mill in Duszniki-Zdrój $hRafał Eysymontt, Rainer Sachs, Maciej Szymczyk ; [translation Hanna Marciniak] 022A $aPapiermühle in Velké Losiny 022A/01 $aPapiermühle in Velké Losiny 028A $BVerfasser $#Eysymontt, Krzysztof $#Eysymontt, Rafał Krzysztof $4aut $7115462090 $8Eysymontt, Rafał$Z1959- [Tp1] $914966401X 028C $aFouček $dPetr $4oth 028C $aSachs $11954- $dRainer $4oth 028C $aSzymczyk $11970- $dMaciej $4oth 028C $aMarciniak $11984- $dHanna $4oth 029F $aMuzeum Papiernictwa (Duszniki-Zdrój)Wydawca $4oth 033A $pDuszniki-Zdrój $nPapermaking Museum 033A $pVelké Losiny $nMuseum of Paper 034D $a51, [2], 51 stron 034I $a24 cm 034M $ailustracje, faksymilia, fotografie, mapy 037A $aOprawne w kierunku przeciwstawnym. Na książce drugi ISBN dotyczny pracy współwydanej 037A $aBibliografia na stronach 51, 51 044K $qK10plus $#Velký Losín $#Groß-Ullersdorf $#Groß Ullersdorf $#Großullersdorf $#Bad Ullersdorf $#Bad Groß Ullersdorf $#Bad Groß-Ullersdorf $74821236-2 $8Velké Losiny [Tg1] $9127664424 044K $qK10plus $RReinerz $#Duszniki-Zdrój $#Duezniki-Zdroj $#Reinerz Duszniki Zdrój $#Bad Reinerz Duszniki Zdrój $74103654-2 $8Duszniki Zdrój [Tg1] $9085303801 044K $qK10plus $RPapierherstellung $RMühle $#Paper mills $#Pulp mills $#Papeteries (usines) $#Pâte à papier Usines $#Cartiere $#Molinos papeleros $74173213-3 $8Papiermühle [Ts1] $9085803235 045R $aGeschichte 046C $aMłyn papierniczy w Dusznikach-Zdroju, 2018 $bTytuł oryginału 046L $aTekst pracy współwydanej w języku niemieckim, tłumaczony z języka czeskiego 047I $aWspółwydane: Papiermühle in Velké Losiny : (Groß Ullersdorf) : ein Kapitel aus der Geschichte der Manufaktur / Petr Fouček ; [übersetzung Hanna Marciniak] lok: 53286165 78 exp: 53286165 78 1 #EPN 201B/01 $027-08-25 $t10:16:07.000 201C/01 $027-08-25 201U/01 $0utf8 203@/01 $01317008359 208@/01 $a27-08-25 $be 209A/01 $a/ $f000 $x00 209A/01 $ab*p $x01 220C/01 $apgar 244Z/01 $#Generalgouvernement Polen $#Polska $#Rzeczpospolita Polska $#Polska Rzeczpospolita Ludowa $#Poland $#Pologne $#République Polonaise $#Generalne Gubernatorstwo w Polsce $#Polish People's Republic $#Polska Rzeczpospolita Polen $#PRL $#RP $#Polen Generalgouvernement $#Polska Generalgouvernement $#Besetzte Polnische Gebiete $#Besetztes Gebiet in Polen $#Okupowane Polskie Obszary $#Obszary Okupowane w Polsce $#Volksrepublik Polen $#Polska Rosyjska $#Republic Polen $#Respublika Pol'ša $#Pol'skaja Narodnaja Respublika $#République de Pologne $#Polen Links der Weichsel $#Polska po Lewej Stronie Wisły $#Lenkija $#Polija $#Gubernija Carstva Pol'skago $#Republik Polen $74046496-9 $8--Tg1--Polen $x01 $9085129801 244Z/01 $#Schlesien $#Schlesien $#Herzogtum Schlesien $#Herzogtum Schlesien Schlesien $#Provinz Schlesien $#Śla̜sk $#Slezsko $#Silesia $74052678-1 $8--Tg1--Schlesien $x02 $9085146781 247C/01 $82080>Marburg/Lahn, Herder-Institut, Forschungsbibliothek, Bibliographieportal $9336309341
| LEADER | 00000nam a22000002c 4500 | ||
|---|---|---|---|
| 001 | 532861655 | ||
| 003 | DE-603 | ||
| 005 | 20250827101607.0 | ||
| 007 | tu | ||
| 008 | 250827s2018 xx |||| | u00||u|eng c | ||
| 020 | |a 9788360990414 | ||
| 020 | |a 8360990417 | ||
| 020 | |a 9788360990421 | ||
| 020 | |a 8360990425 | ||
| 035 | |a (DE-599)KXP1668996294 | ||
| 040 | |a DE-603 |b ger |c DE-603 |d DE-603 | ||
| 041 | |a eng |h pol | ||
| 100 | 1 | |a Eysymontt, Rafał |d 1959- |e Verfasser |4 aut |0 (DE-603)14966401X |0 (DE-588)115462090 |2 gnd | |
| 240 | 1 | 0 | |a Papiermühle in Velké Losiny |
| 245 | 0 | 0 | |a Paper Mill in Duszniki-Zdrój |c Rafał Eysymontt, Rainer Sachs, Maciej Szymczyk ; [translation Hanna Marciniak] |
| 246 | 1 | |i Tytuł oryginału |a Młyn papierniczy w Dusznikach-Zdroju, 2018 | |
| 264 | 1 | |a Duszniki-Zdrój |b Papermaking Museum |c 2018 | |
| 264 | 1 | |a Velké Losiny |b Museum of Paper |c 2018 | |
| 300 | |a 51, [2], 51 stron |b ilustracje, faksymilia, fotografie, mapy |c 24 cm | ||
| 336 | |a Text |b txt |2 rdacontent | ||
| 337 | |a ohne Hilfsmittel zu benutzen |b n |2 rdamedia | ||
| 338 | |a Band |b nc |2 rdacarrier | ||
| 500 | |a Oprawne w kierunku przeciwstawnym. Na książce drugi ISBN dotyczny pracy współwydanej | ||
| 500 | |a Bibliografia na stronach 51, 51 | ||
| 520 | |a Współwydane: Papiermühle in Velké Losiny : (Groß Ullersdorf) : ein Kapitel aus der Geschichte der Manufaktur / Petr Fouček ; [übersetzung Hanna Marciniak] | ||
| 546 | |a Tekst pracy współwydanej w języku niemieckim, tłumaczony z języka czeskiego | ||
| 648 | 7 | |a Geschichte |2 gnd | |
| 650 | 7 | |a Papiermühle |0 (DE-588)4173213-3 |0 (DE-603)085803235 |2 gnd | |
| 651 | 7 | |a Velké Losiny |0 (DE-588)4821236-2 |0 (DE-603)127664424 |2 gnd | |
| 651 | 7 | |a Duszniki Zdrój |0 (DE-588)4103654-2 |0 (DE-603)085303801 |2 gnd | |
| 700 | 1 | |a Fouček, Petr |4 oth | |
| 700 | 1 | |a Sachs, Rainer |d 1954- |4 oth | |
| 700 | 1 | |a Szymczyk, Maciej |d 1970- |4 oth | |
| 700 | 1 | |a Marciniak, Hanna |d 1984- |4 oth | |
| 700 | 1 | 2 | |a Eysymontt, Rafał |d 1959- |t Papiermühle in Velké Losiny |
| 710 | 2 | |a Muzeum Papiernictwa (Duszniki-Zdrój)Wydawca |4 oth | |
| 856 | 4 | 2 | |m B:DE-101 |q application/pdf |u https://d-nb.info/1181960185/04 |3 Inhaltsverzeichnis |
| 924 | 0 | |9 2080 |a (DE-603)1317008359 |b DE-2080 |c HES |d d |g / | |


